000 00987nam0a2200289 4500
001 RU\NLR\BIBL_A\011988361
005 20190708111824.0
010 _a978-5-905898-48-8
_9120
021 _aRU
_bКН-П-19-019805
_9КН-П-19-1482
035 _a(NLR Aleph) 011988361
035 _a(RuMoRGB)009927784
090 _a11344647
_c11344647
100 _a20190412d2018 u y0rusy50 ca
101 0 _arus
102 _aRU
105 _aach|z|||000za
200 1 _aПазлы моего эго
_eавтобиографические рассказы
_fАлексей Печкин
210 _aСанкт-Петербург
_cПолакс
_d2018
215 _a243 с.
_cил., портр., факс.
_d21
686 2 _aШ6(2=Р)8-443авт.
700 1 _aПечкин
_bА. А.
_gАлексей Алексеевич
942 _cBOOK
980 _aNBR
980 _aNB